00788nam a22001577a 4500008004100000020001500041050001400056100001900070245012000089260003600209300002100245500005100266505025200317650003500569700002600604111219t xxu||||| |||| 00| 0 eng d a1555877710 aHC106.C73 aCox, Ronald W. aU.S. Politics and the global economy: corporate power, conservative shift /cRonald W. Cox and Daniel Skidmore-Hess aLondon:bLynne Rienner,cc1999. av, 250 p.c24cm. aIncludes bibliographical references and index. aContents: The New deal and liberal hegemony -- The Postwar political economy -- Business conflict and cold war ideology -- Liberal globalization in the 1960s -- The End of Bretton Woods -- The Reagan revolution -- Conclusion: The 1990s and beyond. aUnited States-Economic policy. aSkidmore-Hess, Daniel